LEADER 03515 am 2200997 n 450 001 9910341158303321 005 20190811 010 $a2-918887-97-8 024 7 $a10.4000/books.pcjb.4158 035 $a(CKB)4100000009365830 035 $a(FrMaCLE)OB-pcjb-4158 035 $a(oapen)https://directory.doabooks.org/handle/20.500.12854/41365 035 $a(PPN)238688348 035 $a(EXLCZ)994100000009365830 100 $a20190920j|||||||| ||| 0 101 0 $afre 135 $auu||||||m|||| 181 $ctxt$2rdacontent 182 $cc$2rdamedia 183 $acr$2rdacarrier 200 10$aArtisanats antiques d?Italie et de Gaule $eMélanges offerts à Maria Francesca Buonaiuto /$fJean-Pierre Brun 210 $aNaples $cPublications du Centre Jean Bérard$d2019 215 $a1 online resource (299 p.) 606 $aDecorative arts$zItaly$xHistory$yTo 1500 606 $aDecorative arts$zGaul 606 $aHandicraft$zItaly$xHistory$yTo 1500 606 $aHandicraft$zGaul 610 $aéconomie 610 $aAntiquité 610 $aproduction artisanale 610 $acommerce 610 $aarchéologie 615 0$aDecorative arts$xHistory 615 0$aDecorative arts 615 0$aHandicraft$xHistory 615 0$aHandicraft 700 $aAmarger$b Marie-Pierre$01293534 701 $aBats$b Michel$0241285 701 $aBertaux$b Richard$01293535 701 $aBotte$b Emmanuel$0328750 701 $aBrangi$b Tonia$01293536 701 $aBrun$b Jean-Pierre$0328739 701 $aCanzanella$b Maria Giovanna$01293537 701 $aCaputo$b Paolo$024140 701 $aCavalier$b Madeleine$0162653 701 $aCavassa$b Laëtitia$01293514 701 $aCébeillac-Gervasoni$b Mireille$0408173 701 $aChazalon$b Ludi$01288460 701 $aCuma$b Funzionario responsabile dell'Ufficio per i Beni Archeologici di$01293538 701 $ade Cazanove$b Olivier$01293539 701 $ade La Genière$b Juliette$01293540 701 $aD?Angelo$b Francesco$0397712 701 $aExcoffon$b Pierre$0477542 701 $aFracchia$b Helena$0443358 701 $aGallo$b Anna Maria$0267820 701 $aGras$b Michel$0152295 701 $aGreco$b Emanuele$034154 701 $aGualtieri$b Maurizio$0443357 701 $aJolivet$b Vincent$0216405 701 $aJoncheray$b Claire$01293541 701 $aLeguilloux$b Martine$0477486 701 $aLivadie$b Claude Albore$0254576 701 $aMarazzi$b Federico$0266212 701 $aMastrocinque$b Attilio$0172446 701 $aMonteix$b Nicolas$0597006 701 $aMorel$b Jean-Paul$0459405 701 $aMunzi$b Priscilla$01277047 701 $aOllivier$b David$01293542 701 $aPasqualini$b Michel$0328748 701 $aPierobon$b Marina$01293543 701 $aPompei$b Soprintendenza speciale per i Beni Archeologici di Napoli e$01293544 701 $aPouzadoux$b Claude$0617976 701 $aPrieto$b Isabelle$01293545 701 $aRidgway$b David$0185193 701 $aRougetet$b Jacques$0748248 701 $aRoure$b Réjane$01293546 701 $aSalle$b Valérie$01293547 701 $aSantoriello$b Priscilla Munzi$01293548 701 $aTréziny$b Henri$0421889 701 $aVallet$b Laura$01293549 701 $aBrun$b Jean-Pierre$0328739 801 0$bFR-FrMaCLE 906 $aBOOK 912 $a9910341158303321 996 $aArtisanats antiques d?Italie et de Gaule$93022643 997 $aUNINA LEADER 03770oam 2200577 c 450 001 9910975224103321 005 20260302090207.0 010 $a3-8382-7675-2 024 3 $a9783838276755 035 $a(MiAaPQ)EBC7135238 035 $a(Au-PeEL)EBL7135238 035 $a(CKB)25315255600041 035 $a(ibidem)9783838276755 035 $a(EXLCZ)9925315255600041 100 $a20260302d2022 uy 0 101 0 $aeng 135 $aurcnu|||||||| 181 $ctxt$2rdacontent 182 $cc$2rdamedia 183 $acr$2rdacarrier 200 10$aNational Questions: Theoretical Reflections on Nations and Nationalism in Eastern Europe /$fAlexander Motyl, Andreas Umland 205 $a1st ed. 210 $aHannover$cibidem$d2022 215 $a1 online resource (313 pages) 225 0 $aSoviet and Post-Soviet Politics and Society$v250 311 08$aPrint version: Motyl, Alexander National Questions: Theoretical Reflections on Nations and Nationalism in Eastern Europe Berlin : Ibidem Verlag,c2022 327 $aIntro -- Preface -- 1 The Modernity of Nationalism. Nations, States and, Nation-States in the Contemporary World -- 2 Liberalism, Nationalism, and National Liberation Struggles -- 3 Inventing Invention. The Limits of National Identity Formation -- 4 Imagined Communities, Rational Choosers, Invented Ethnies -- 5 The Social Construction of Social Construction. Implications for Theories of Nationalism and Identity Formation -- 6 Why Is the "KGB Bar" Possible? Binary Morality and Its Consequences -- 7 Building Bridges and Changing Landmarks. Theory and Concepts in the Study of Soviet Nationalities -- 8 Negating the Negation. Russia, Not-Russia, and the West -- 9 Can Ukraine Have a History? -- 10 Should Ukraine Forget Its History? -- 11 The Holodomor and History. Bringing Ukrainians Back In -- 12 The Paradoxes of Paul Robert Magocsi. The Case for Rusyns and the Logical Necessity of Ukrainians -- 13 The Ukrainian Nationalist Movementand the Jews. Theoretical Reflections on Nationalism, Fascism, Rationality, Primordialism, and History -- 14 On Nationalism and Fascism -- 15 Putin's Russia as a Fascist Political System. 330 $aCombining social science with the multi-disciplinarity of area studies, Alexander Motyl discusses in fifteen essays the malleability and modernity of national identity, the attractions and limits of social constructivist imaginings of nations, the impact of national discourses, binary morality, and historical narratives on interpretations of the Holocaust and the Holodomor, the relationship between liberalism, nationalism, and fascism, and the role of national identity and nationalism in Eastern Europe in general and the Soviet Union, Ukraine, and Russia in particular. Throughout the chapters, Motyl questions conventional wisdom, exposes its inconsistencies and weaknesses, and encourages readers to rethink their views in light of conceptual clarity, theoretical rigor, elementary logic, and empirical evidence. 410 0$aSoviet and post-Soviet politics and society ;$vVolume 250. 606 $aEastern Europe 606 $aNation 606 $aNational Discours 606 $aNationalism 606 $aNationalismus 606 $aOsteuropa 615 4$aEastern Europe 615 4$aNation 615 4$aNational Discours 615 4$aNationalism 615 4$aNationalismus 615 4$aOsteuropa 676 $a947 700 $aMotyl$b Alexander$4aut$01837038 702 $aUmland$b Andreas$cDr.$4edt 801 0$bMiAaPQ 801 1$bMiAaPQ 801 2$bMiAaPQ 906 $aBOOK 912 $a9910975224103321 996 $aNational Questions: Theoretical Reflections on Nations and Nationalism in Eastern Europe$94415358 997 $aUNINA